Every Manchester United Goal Scorer in the 2018/19 Premier League - Statistics

General Stats
  • This quiz has been taken 30 times
  • The average score is 53 of 65
Answer Stats
Game Scorer % Correct
West Ham United (A) Rashford
100%
Bournemouth (A) Rashford
100%
Fulham (H) Rashford
100%
Cardiff City (A) Rashford
100%
Bournemouth (H) Rashford
100%
Newcastle (A) Rashford
100%
Tottenham Hotspur (A) Rashford
100%
Brighton & Hove Albion (H) Rashford
100%
Leicester City (A) Rashford
100%
Watford (H) Rashford
100%
Leicester City (H) Pogba
92%
Brighton & Hove Albion (A) Pogba
92%
Everton (H) Pogba
92%
Huddersfield Town (H) Pogba
92%
Huddersfield Town (H) Pogba
92%
Bournemouth (H) Pogba
92%
Bournemouth (H) Pogba
92%
Brighton & Hove Albion (H) Pogba
92%
Burnley (H) Pogba
92%
Fulham (A) Pogba
92%
Fulham (A) Pogba
92%
West Ham United (H) Pogba
92%
West Ham United (H) Pogba
92%
Arsenal (H) Lingard
88%
Liverpool (A) Lingard
88%
Cardiff City (A) Lingard
88%
Cardiff City (A) Lingard
88%
Newcastle United (H) Martial
88%
Chelsea (A) Martial
88%
Chelsea (A) Martial
88%
Everton (H) Martial
88%
Bournemouth (A) Martial
88%
Manchester City (A) Martial
88%
Arsenal (H) Martial
88%
Cardiff City (A) Martial
88%
Fulham (A) Martial
88%
Watford (H) Martial
88%
Leicester City (H) Shaw
84%
Brighton & Hove Albion (A) Lukaku
76%
Burnley (A) Lukaku
76%
Burnley (A) Lukaku
76%
Watford (A) Lukaku
76%
Southampton (A) Lukaku
76%
Fulham (H) Lukaku
76%
Bournemouth (H) Lukaku
76%
Newcastle (A) Lukaku
76%
Crystal Palace (A) Lukaku
76%
Crystal Palace (A) Lukaku
76%
Southampton (H) Lukaku
76%
Southampton (H) Lukaku
76%
Newcastle United (H) Mata
76%
Fulham (H) Mata
76%
Chelsea (H) Mata
76%
Watford (A) Smalling
64%
Wolverhampton Wanderers (H) Fred
60%
Southampton (A) Herrera
60%
Cardiff City (A) Herrera
60%
Wolverhampton Wanderers (A) McTominay
60%
Huddersfield (A) McTominay
60%
Burnley (H) Lindelof
56%
Fulham (H) Young
52%
Crystal Palace (A) Young
52%
Huddersfield Town (H) Matic
48%
Newcastle United (H) Sanchez
48%
Southampton (H) Pereira
32%
No matching quizzes found
Score Distribution
Percent of People with Each Score
Percentile by Number Answered
Your Score History
You have not taken this quiz